„Consumer education in Slovakia: 15 years history open the doors to the future“

Guardado en:
Detalles Bibliográficos
Autor principal: Hraško, Pavel
Otros Autores: Tkáčiková, Jarmila
Formato: Capítulo de libro
Lenguaje:inglés
Etiquetas: Agregar Etiqueta
Sin Etiquetas, Sea el primero en etiquetar este registro!

MARC

LEADER 00000nla$a2200000$$$4500
001 0146475
005 20240502083337.7
041 0 |a eng 
044 |a AT 
245 1 0 |a „Consumer education in Slovakia: 15 years history open the doors to the future“  |c Pavel Hraško, Jarmila Tkáčiková 
500 |a Prezentácia 
100 1 |a Hraško, Pavel 
700 1 |a Tkáčiková, Jarmila